[Event "Plzen, JF D"]
[Site "?"]
[Date "1999.??.??"]
[Round "7.7"]
[White "Drahorad, D."]
[Black "Endler, B."]
[Result "1-0"]
[WhiteElo "1720"]
[BlackElo "1766"]
[PlyCount "47"]
[EventDate "1999.??.??"]
[Source "ChessBase"]
[SourceDate "1996.11.15"]

1. e4 d5 2. exd5 Nf6 3. d4 Nxd5 4. c4 Nb6 5. Nc3 g6 6. Bf4 Bg7 7. Nf3 c6 8. c5
Nd5 9. Qd2 Nxf4 10. Qxf4 O-O 11. Bc4 Nd7 12. O-O e5 13. Nxe5 Nxe5 14. dxe5 Qe7
15. Rfe1 Qxc5 16. Rad1 h5 17. Rd6 Bf5 18. b4 Qb6 19. Nd5 cxd5 20. Rxb6 axb6 21.
Bxd5 Rfd8 22. Bb3 Rd7 23. h3 Re8 24. Ba4 1-0

[Event "Plzen, JF D"]
[Site "?"]
[Date "1999.??.??"]
[Round "7.8"]
[White "Cigan, K."]
[Black "Rerabek, J."]
[Result "0-1"]
[WhiteElo "1550"]
[BlackElo "1579"]
[PlyCount "89"]
[EventDate "1999.??.??"]
[Source "ChessBase"]
[SourceDate "1996.11.15"]

1. d4 Nf6 2. g3 g6 3. Bg5 Bg7 4. Bxf6 Bxf6 5. c3 O-O 6. f4 d6 7. Nf3 Bg7 8. e4
Re8 9. Nbd2 Nc6 10. d5 Nb8 11. Bd3 e5 12. fxe5 dxe5 13. O-O Bg4 14. Qb3 Qc8 15.
Rf2 Nd7 16. Qc2 Nc5 17. Bf1 Bh6 18. Re1 b6 19. Bb5 Bd7 20. Bxd7 Qxd7 21. Kg2 a5
22. b3 Qb5 23. Nc4 Nd7 24. a4 Qc5 25. Rd1 Rad8 26. d6 c6 27. Ne1 b5 28. Nd3 Qa7
29. Ncb2 Re6 30. axb5 cxb5 31. c4 Rxd6 32. c5 Rc6 33. Rff1 Rdc8 34. Qf2 f6 35.
h4 Bf8 36. Qf3 Nxc5 37. Nxc5 Bxc5 38. g4 Bd4 39. Nd3 Qe7 40. Kh3 Kg7 41. h5 Rc3
42. h6+ Kxh6 43. Qxf6 Qxf6 44. Rxf6 Rxb3 45. Kh4 0-1

[Event "Plzen, JF D"]
[Site "?"]
[Date "1999.??.??"]
[Round "7.9"]
[White "Lener, J."]
[Black "Simana, J."]
[Result "1/2-1/2"]
[WhiteElo "1783"]
[BlackElo "1684"]
[PlyCount "80"]
[EventDate "1999.??.??"]
[Source "ChessBase"]
[SourceDate "1996.11.15"]

1. Nf3 d5 2. d4 Nf6 3. Nc3 Bg4 4. e3 e6 5. Be2 Be7 6. Bd2 Nbd7 7. h3 Bh5 8. Nh2
Bxe2 9. Qxe2 a6 10. e4 dxe4 11. Nxe4 c6 12. c3 Nxe4 13. Qxe4 Nf6 14. Qc2 b5 15.
O-O O-O 16. Nf3 Rc8 17. a4 Qb6 18. b4 h6 19. Ra2 Ra8 20. Rfa1 Nd5 21. Ne5 Rfd8
22. Nd3 Nc7 23. Bf4 Nd5 24. Bg3 Ra7 25. a5 Qb7 26. Re1 Qd7 27. Ne5 Qe8 28. Raa1
Bd6 29. Bh2 Bxe5 30. Rxe5 Re7 31. Rae1 Rc8 32. R5e4 Qd7 33. Qc1 Kh7 34. Bf4 f5
35. Re5 Rf8 36. Bd2 Rf6 37. Qd1 Qe8 38. Kh2 Rg6 39. R5e2 Rf6 40. Rg1 Qh5
1/2-1/2

[Event "Plzen, JF D"]
[Site "?"]
[Date "1999.??.??"]
[Round "7.10"]
[White "Orlicek, K."]
[Black "Satanek, M."]
[Result "1/2-1/2"]
[WhiteElo "1674"]
[BlackElo "1475"]
[PlyCount "70"]
[EventDate "1999.??.??"]
[Source "ChessBase"]
[SourceDate "1996.11.15"]

1. d4 d6 2. Nf3 Nf6 3. Bg5 Bf5 4. Nbd2 Nbd7 5. Nh4 e6 6. e4 Bg6 7. Nxg6 hxg6 8.
Qf3 Be7 9. g3 e5 10. c3 c6 11. h4 Qb6 12. Nc4 Qc7 13. dxe5 dxe5 14. O-O-O O-O-O
15. Bh3 Kb8 16. Bxd7 Rxd7 17. Rxd7 Qxd7 18. Rd1 Qe6 19. b3 Rd8 20. Rxd8+ Bxd8
21. Qd3 Be7 22. Kb2 Kc7 23. Be3 b6 24. Nd2 Kb7 25. Bg5 Nd7 26. Bxe7 Qxe7 27.
Nc4 Kc7 28. b4 g5 29. Ne3 Qd6 30. Qxd6+ Kxd6 31. c4 Ke6 32. Kc3 b5 33. cxb5
cxb5 34. f3 Nf6 35. Kd3 Nd7 1/2-1/2

[Event "Plzen, JF D"]
[Site "?"]
[Date "1999.??.??"]
[Round "7.11"]
[White "Fakan, P."]
[Black "Beran, J."]
[Result "0-1"]
[WhiteElo "1550"]
[BlackElo "1550"]
[PlyCount "76"]
[EventDate "1999.??.??"]
[Source "ChessBase"]
[SourceDate "1996.11.15"]

1. e4 c5 2. Nf3 d6 3. d4 cxd4 4. Qxd4 Bd7 5. Nc3 Nc6 6. Qd1 g6 7. Bc4 a6 8. Be3
Bg7 9. Qd2 Qc7 10. O-O-O e6 11. Rhe1 Ne5 12. Bb3 Ng4 13. Bf4 e5 14. Bg3 h5 15.
Ng5 N8h6 16. f4 O-O 17. Nd5 Qd8 18. Bh4 Nf6 19. Nxf6+ Bxf6 20. Qxd6 Bg4 21.
Qxd8 Bxd8 22. Rd6 Kh8 23. h3 Bc8 24. fxe5 Be6 25. Bxe6 fxe6 26. Rxe6 Ng8 27.
Rxg6 Ne7 28. Rh6+ Kg8 29. e6 Kg7 30. Rh7+ Kg8 31. Nf7 Kxh7 32. Nxd8 Rfxd8 33.
Bxe7 Re8 34. Rf1 Rxe7 35. Rf5 Kg6 36. g4 hxg4 37. hxg4 Rxe6 38. g5 Rxe4 0-1

[Event "Plzen, JF D"]
[Site "?"]
[Date "1999.??.??"]
[Round "7.12"]
[White "Oskrobany, E."]
[Black "Konig, V."]
[Result "1-0"]
[WhiteElo "1527"]
[BlackElo "1649"]
[PlyCount "83"]
[EventDate "1999.??.??"]
[Source "ChessBase"]
[SourceDate "1996.11.15"]

1. e4 e5 2. Bc4 Nf6 3. Nc3 Bc5 4. Nf3 Nc6 5. d3 d6 6. h3 Na5 7. Bb3 Nxb3 8.
axb3 Be6 9. Na4 Bb4+ 10. c3 Ba5 11. b4 Bb6 12. Nxb6 axb6 13. Rxa8 Qxa8 14. O-O
O-O 15. Ng5 Bd7 16. Nf3 Re8 17. Bg5 Qc8 18. Bxf6 gxf6 19. Kh2 Kh8 20. Nh4 Rg8
21. Qf3 Qd8 22. c4 Qe7 23. b5 Ra8 24. Nf5 Bxf5 25. Qxf5 c6 26. bxc6 bxc6 27. f4
Qe6 28. fxe5 Re8 29. Qxf6+ Qxf6 30. Rxf6 dxe5 31. Rxc6 Rd8 32. Rxb6 Rxd3 33. c5
Rd8 34. b4 Kg8 35. c6 Rc8 36. b5 f5 37. exf5 e4 38. Kg3 e3 39. Kf3 Kf8 40. Ke2
Ke7 41. Rb7+ Kd6 42. Rxh7 1-0

[Event "Plzen, JF D"]
[Site "?"]
[Date "1999.??.??"]
[Round "8.1"]
[White "Horyna, J."]
[Black "Adamek, F."]
[Result "1/2-1/2"]
[WhiteElo "1831"]
[BlackElo "1961"]
[PlyCount "30"]
[EventDate "1999.??.??"]
[Source "ChessBase"]
[SourceDate "1996.11.15"]

1. e4 c6 2. d4 d5 3. Nc3 Nf6 4. exd5 Nxd5 5. Nxd5 cxd5 6. Nf3 Nc6 7. c3 a6 8.
Bd3 g6 9. Bf4 Bg7 10. O-O O-O 11. Qd2 Bg4 12. Ne5 Nxe5 13. Bxe5 f6 14. Bg3 e5
15. f3 Bf5 1/2-1/2

[Event "Plzen, JF D"]
[Site "?"]
[Date "1999.??.??"]
[Round "8.2"]
[White "Mencl, S."]
[Black "Fuchs, F."]
[Result "1/2-1/2"]
[WhiteElo "1634"]
[BlackElo "1937"]
[PlyCount "150"]
[EventDate "1999.??.??"]
[Source "ChessBase"]
[SourceDate "1996.11.15"]

1. e4 c6 2. d4 d5 3. exd5 cxd5 4. Bd3 Nf6 5. Nf3 Bg4 6. c3 Nc6 7. Bf4 e6 8.
Nbd2 Bd6 9. Bxd6 Qxd6 10. O-O O-O 11. h3 Bh5 12. Qc2 Rac8 13. a3 Rfe8 14. Rae1
a6 15. Re3 b5 16. Qb1 Bg6 17. Ne5 Bxd3 18. Qxd3 Na5 19. Re2 Nc4 20. Ndf3 Ne4
21. Nxc4 bxc4 22. Qe3 Rb8 23. Rc1 f5 24. Ne5 Rf8 25. h4 f4 26. Qf3 Rbc8 27.
Rcc2 Rf5 28. Re1 Qe7 29. Qg4 Kh8 30. f3 Ng3 31. Rd2 Rcf8 32. Rdd1 Rh5 33. Nc6
Qxh4 34. Qxh4 Rxh4 35. Kf2 Rh6 36. Re5 Nf5 37. Rde1 Ne3 38. Nb4 a5 39. Nc6 a4
40. Re2 Rff6 41. Nd8 Kg8 42. Kg1 Kf8 43. Nb7 Ke7 44. Rg5 Nf5 45. Nc5 Ng3 46.
Re1 Rh1+ 47. Kf2 Rfh6 48. Rge5 Rxe1 49. Rxe1 Nf5 50. Nxa4 Ne3 51. Nc5 Kd6 52.
a4 Kc7 53. a5 Kb8 54. Kg1 Ka7 55. b4 cxb3 56. Nxb3 e5 57. dxe5 Re6 58. Nd4 Re8
59. e6 Ka6 60. g3 g5 61. gxf4 gxf4 62. Kf2 Kxa5 63. Rh1 Kb6 64. Rxh7 Nd1+ 65.
Ke2 Nxc3+ 66. Kd3 Nb5 67. Nxb5 Kxb5 68. e7 Kc5 69. Rf7 Kd6 70. Kd4 Rxe7 71.
Rxe7 Kxe7 72. Kxd5 Kf6 73. Ke4 Kg5 74. Ke5 Kg6 75. Kxf4 Kf6 1/2-1/2

[Event "Plzen, JF D"]
[Site "?"]
[Date "1999.??.??"]
[Round "8.3"]
[White "Jirusek, Z."]
[Black "Liska, J."]
[Result "0-1"]
[WhiteElo "1821"]
[BlackElo "1935"]
[PlyCount "116"]
[EventDate "1999.??.??"]
[Source "ChessBase"]
[SourceDate "1996.11.15"]

1. e4 Nf6 2. Nc3 d5 3. exd5 Nxd5 4. Nxd5 Qxd5 5. Qf3 Qxf3 6. Nxf3 Nc6 7. c3 Bd7
8. d4 e6 9. Bc4 Be7 10. O-O O-O 11. Bf4 Bd6 12. Bxd6 cxd6 13. Rad1 Ne7 14. Bd3
Bc6 15. Nd2 b6 16. Rfe1 Nd5 17. Be4 Ne7 18. Bxc6 Nxc6 19. f4 Ne7 20. Nc4 Rfd8
21. Ne3 d5 22. Rd2 g6 23. Rde2 h5 24. g3 Kg7 25. h4 Ng8 26. Kg2 Nf6 27. Nd1 Ne8
28. Nf2 Nd6 29. Nd3 Rac8 30. Ne5 Nc4 31. Nf3 Re8 32. Ng5 Rc7 33. Kf2 Rce7 34.
Nf3 f6 35. b3 Nd6 36. Nd2 b5 37. Re3 Kf7 38. b4 a6 39. Kf3 Nf5 40. Rd3 Nd6 41.
Nb3 Ra8 42. Nc5 f5 43. Rdd1 a5 44. a3 axb4 45. axb4 Ra3 46. Rc1 Kf6 47. Ke3 Ne4
48. Nxe4+ fxe4 49. Rg1 Kf5 50. Kd2 Rea7 51. Ke3 Ra2 52. Rgd1 Kg4 53. Rg1 Rh2
54. Ra1 Raa2 55. Rxa2 Rxa2 56. Rf1 Rc2 57. Rd1 Rxc3+ 58. Kf2 Rf3+ 0-1

[Event "Plzen, JF D"]
[Site "?"]
[Date "1999.??.??"]
[Round "8.4"]
[White "Smekal, Z."]
[Black "Cap, J."]
[Result "1/2-1/2"]
[WhiteElo "1894"]
[BlackElo "1830"]
[PlyCount "98"]
[EventDate "1999.??.??"]
[Source "ChessBase"]
[SourceDate "1996.11.15"]

1. Nf3 Nf6 2. c4 c5 3. Nc3 d6 4. d4 cxd4 5. Nxd4 Nc6 6. e4 g6 7. Be2 Bg7 8. Be3
O-O 9. O-O Bd7 10. Rc1 Rc8 11. f3 a6 12. Qd2 Qa5 13. Rfd1 Nxd4 14. Bxd4 Qd8 15.
b3 Bc6 16. Nd5 Nxd5 17. cxd5 Bxd4+ 18. Qxd4 Bd7 19. Rc4 Qa5 20. Qd2 Qxd2 21.
Rxd2 b5 22. Rcc2 Rxc2 23. Rxc2 Rc8 24. Rxc8+ Bxc8 25. Kf2 Kf8 26. Ke3 Ke8 27.
Kd4 Kd8 28. a4 bxa4 29. bxa4 Kc7 30. a5 Kd8 31. f4 h6 32. e5 Ke8 33. Bd3 Kf8
34. h3 Kg7 35. g4 f6 36. Be2 fxe5+ 37. fxe5 Kf7 38. h4 g5 39. h5 Kg7 40. Ke4
Kf7 41. e6+ Kf6 42. Kd4 Bb7 43. Bd3 Bc8 44. Bg6 Bb7 45. Be8 Kg7 46. Bc6 Bc8 47.
Ke4 Kf6 48. Ba8 Kg7 49. Kf5 Kh7 1/2-1/2

[Event "Plzen, JF D"]
[Site "?"]
[Date "1999.??.??"]
[Round "8.5"]
[White "Drahorad, D."]
[Black "Kasik, M."]
[Result "1/2-1/2"]
[WhiteElo "1720"]
[BlackElo "1869"]
[PlyCount "38"]
[EventDate "1999.??.??"]
[Source "ChessBase"]
[SourceDate "1996.11.15"]

1. e4 c5 2. Nf3 Nc6 3. d4 cxd4 4. Nxd4 Nf6 5. Nc3 e6 6. Ndb5 d6 7. Bf4 e5 8.
Bg5 a6 9. Na3 b5 10. Nd5 h6 11. Nxf6+ gxf6 12. Be3 f5 13. Qd5 Qc7 14. f3 Be6
15. Qd2 Qa5 16. c3 f4 17. Bf2 Be7 18. g3 fxg3 19. hxg3 h5 1/2-1/2

[Event "Plzen, JF D"]
[Site "?"]
[Date "1999.??.??"]
[Round "8.6"]
[White "Zvolanek, J."]
[Black "Rerabek, J."]
[Result "1-0"]
[WhiteElo "1666"]
[BlackElo "1579"]
[PlyCount "45"]
[EventDate "1999.??.??"]
[Source "ChessBase"]
[SourceDate "1996.11.15"]

1. e4 e5 2. Bc4 Nc6 3. Nf3 Nf6 4. d3 Be7 5. O-O d6 6. c3 Bg4 7. Nbd2 a6 8. h3
Bh5 9. Re1 O-O 10. Bb3 Re8 11. Nf1 Nd7 12. Ng3 Bg6 13. d4 exd4 14. cxd4 Bf6 15.
Bf4 Qe7 16. Qd2 h6 17. Rac1 Qd8 18. Bd5 Ndb8 19. Rc3 Na5 20. e5 dxe5 21. dxe5
Be7 22. e6 f6 23. Bxc7 1-0

[Event "Plzen, JF D"]
[Site "?"]
[Date "1999.??.??"]
[Round "8.7"]
[White "Studnicka, J."]
[Black "Dolezal, Ru"]
[Result "1-0"]
[WhiteElo "1250"]
[BlackElo "1604"]
[PlyCount "57"]
[EventDate "1999.??.??"]
[Source "ChessBase"]
[SourceDate "1996.11.15"]

1. d4 d5 2. Nf3 h6 3. e3 Nf6 4. c4 e6 5. Nc3 Bb4 6. Qa4+ Nc6 7. a3 Bxc3+ 8.
bxc3 Bd7 9. Qc2 O-O 10. Bd3 Na5 11. cxd5 exd5 12. Ne5 Re8 13. O-O Nc6 14. Nxd7
Qxd7 15. Rb1 Rab8 16. c4 Ne7 17. cxd5 Nexd5 18. Bd2 c6 19. Rfc1 Ng4 20. Bf5 Qd6
21. Bxg4 g6 22. Qc5 Qc7 23. Bf3 Nf6 24. Qxa7 g5 25. Bxc6 Rec8 26. Bf3 Qe7 27.
Bb4 Qxb4 28. Rxc8+ Rxc8 29. axb4 1-0

[Event "Plzen, JF D"]
[Site "?"]
[Date "1999.??.??"]
[Round "8.8"]
[White "Endler, B."]
[Black "Orlicek, K."]
[Result "0-1"]
[WhiteElo "1766"]
[BlackElo "1674"]
[PlyCount "38"]
[EventDate "1999.??.??"]
[Source "ChessBase"]
[SourceDate "1996.11.15"]

1. e4 d5 2. exd5 Qxd5 3. Nc3 Qa5 4. d4 c6 5. Nf3 Nf6 6. Be2 Bf5 7. O-O Nbd7 8.
Ne1 e6 9. Nd3 Bd6 10. Be3 Qc7 11. g3 h5 12. Bf4 Bxf4 13. Nxf4 g6 14. Bd3 O-O-O
15. Ng2 Bxd3 16. Qxd3 Ne5 17. Qe3 Rxd4 18. f4 Qb6 19. Qxe5 Re4+ 0-1

[Event "Plzen, JF D"]
[Site "?"]
[Date "1999.??.??"]
[Round "8.9"]
[White "Beran, J."]
[Black "Cigan, K."]
[Result "1-0"]
[WhiteElo "1550"]
[BlackElo "1550"]
[PlyCount "111"]
[EventDate "1999.??.??"]
[Source "ChessBase"]
[SourceDate "1996.11.15"]

1. d4 Nf6 2. c4 c5 3. Nf3 e6 4. Bg5 Be7 5. e3 O-O 6. Bd3 h6 7. Bh4 b5 8. Bxf6
Bxf6 9. Be4 d5 10. Bd3 dxc4 11. Be4 cxd4 12. Bxa8 dxe3 13. Qxd8 Rxd8 14. Nc3 b4
15. Ne4 Bxb2 16. Rb1 c3 17. O-O a5 18. fxe3 Ba6 19. Rfe1 Bd3 20. Rxb2 cxb2 21.
Ned2 Na6 22. Be4 Nc5 23. Bxd3 Nxd3 24. Rb1 Rc8 25. Kf1 Rc2 26. Ke2 Nc1+ 27. Kd1
Rc3 28. Rxb2 Nd3 29. Rb3 Rc1+ 30. Ke2 Nc5 31. Rb1 Rc2 32. a3 b3 33. Nd4 Ra2 34.
N4xb3 Ne4 35. Kd3 Nxd2 36. Nxd2 Rxa3+ 37. Ke2 a4 38. Rb8+ Kh7 39. Nc4 Ra2+ 40.
Kf3 Ra1 41. Ra8 f6 42. Ra5 Kg6 43. Nd6 a3 44. Ra7 a2 45. Kf2 Rh1 46. Rxa2 Rxh2
47. Kg1 Rh5 48. Ra7 Kh7 49. Ne8 Kg6 50. Rxg7+ Kf5 51. Rf7 Ke5 52. Rxf6 Rh4 53.
g3 Rg4 54. Rxh6 Rxg3+ 55. Kf2 Rg8 56. Rh5+ 1-0

[Event "Plzen, JF D"]
[Site "?"]
[Date "1999.??.??"]
[Round "8.10"]
[White "Oskrobany, E."]
[Black "Lener, J."]
[Result "0-1"]
[WhiteElo "1527"]
[BlackElo "1783"]
[PlyCount "68"]
[EventDate "1999.??.??"]
[Source "ChessBase"]
[SourceDate "1996.11.15"]

1. e4 c5 2. Nf3 Nc6 3. Nc3 e5 4. Bc4 d6 5. h3 h6 6. O-O Nf6 7. d3 Bd7 8. Nd5
Nxd5 9. Bxd5 Qc8 10. Kh2 Ne7 11. Be3 Nxd5 12. exd5 Be7 13. Nd2 g5 14. f3 f5 15.
g4 f4 16. Bf2 h5 17. Kg2 Qc7 18. c3 Rh7 19. Qc2 Rh6 20. a3 Kf7 21. b4 Rah8 22.
Rh1 Qc8 23. Qd1 hxg4 24. fxg4 R8h7 25. Qf3 Kg8 26. Ne4 Rxh3 27. Rxh3 Bxg4 28.
Nxd6 Bxf3+ 29. Kxf3 Qxh3+ 30. Ke2 Bxd6 31. Rg1 g4 32. bxc5 Qf3+ 33. Kf1 Rh2 34.
cxd6 Qxf2# 0-1

[Event "Plzen, JF D"]
[Site "?"]
[Date "1999.??.??"]
[Round "8.11"]
[White "Simana, J."]
[Black "Strejcek, P."]
[Result "1-0"]
[WhiteElo "1684"]
[BlackElo "1543"]
[PlyCount "77"]
[EventDate "1999.??.??"]
[Source "ChessBase"]
[SourceDate "1996.11.15"]

1. d4 Nf6 2. Nf3 g6 3. Bg5 Bg7 4. e3 d6 5. Be2 O-O 6. Nbd2 Nbd7 7. c3 c5 8. Qc2
Qc7 9. O-O h6 10. Bh4 g5 11. Bg3 Nh5 12. Nxg5 Nhf6 13. Ngf3 cxd4 14. Nxd4 Ne5
15. h3 Bd7 16. N2f3 Nxf3+ 17. Bxf3 e6 18. Rfd1 Rad8 19. Qb3 Bc6 20. Nb5 Bxb5
21. Qxb5 Rd7 22. Rd2 Rfd8 23. Rad1 b6 24. Qb4 Qc5 25. Qb3 d5 26. Be5 Qe7 27.
Bg3 Nh7 28. Qa4 Nf6 29. Bh4 Qe8 30. Qf4 Qe7 31. Be2 Qd6 32. Qf3 Qe5 33. Bb5 Ne4
34. Rd3 Nc5 35. Bxd7 Rxd7 36. Rd4 Qc7 37. Rg4 Kh8 38. Bf6 Bxf6 39. Qxf6+ 1-0

[Event "Plzen, JF D"]
[Site "?"]
[Date "1999.??.??"]
[Round "8.12"]
[White "Satanek, M."]
[Black "Fakan, P."]
[Result "1-0"]
[WhiteElo "1475"]
[BlackElo "1550"]
[PlyCount "43"]
[EventDate "1999.??.??"]
[Source "ChessBase"]
[SourceDate "1996.11.15"]

1. e4 c5 2. Nc3 Nf6 3. Nge2 Nc6 4. d3 e6 5. g3 d5 6. exd5 exd5 7. Bg2 Be6 8.
Nf4 Be7 9. Nxe6 fxe6 10. O-O O-O 11. Re1 Qd7 12. Bh3 Nd8 13. Qe2 Kf7 14. f4 Rc8
15. f5 Rc6 16. Bg5 exf5 17. Bxf5 Ne6 18. Bxf6 Kxf6 19. Rf1 Kg5 20. Qe3+ Kh5 21.
g4+ Kh4 22. Rf3 1-0

[Event "Plzen, JF D"]
[Site "?"]
[Date "1999.??.??"]
[Round "9.1"]
[White "Adamek, F."]
[Black "Kasik, M."]
[Result "1/2-1/2"]
[WhiteElo "1961"]
[BlackElo "1869"]
[PlyCount "52"]
[EventDate "1999.??.??"]
[Source "ChessBase"]
[SourceDate "1996.11.15"]

1. Nf3 d5 2. d4 e6 3. e3 Nf6 4. c4 Bb4+ 5. Bd2 Bxd2+ 6. Nbxd2 O-O 7. Qc2 Nbd7
8. Bd3 c6 9. O-O b6 10. cxd5 cxd5 11. Rac1 Bb7 12. Qc7 Rb8 13. h3 Qe7 14. a3
Rfc8 15. Qg3 Qd8 16. Nh2 Rxc1 17. Rxc1 Rc8 18. Rxc8 Qxc8 19. Nb3 Qb8 20. Qxb8+
Nxb8 21. f3 Ba6 22. Bxa6 Nxa6 23. Kf2 Kf8 24. Ke2 Ke7 25. Nf1 Nc7 26. Nc1 Kd7
1/2-1/2

[Event "Plzen, JF D"]
[Site "?"]
[Date "1999.??.??"]
[Round "9.2"]
[White "Fuchs, F."]
[Black "Horyna, J."]
[Result "1-0"]
[WhiteElo "1937"]
[BlackElo "1831"]
[PlyCount "108"]
[EventDate "1999.??.??"]
[Source "ChessBase"]
[SourceDate "1996.11.15"]

1. c4 Nf6 2. Nc3 e6 3. e4 d6 4. f4 c6 5. Nf3 d5 6. e5 Nfd7 7. d4 dxc4 8. Bxc4
Nb6 9. Bd3 Be7 10. O-O Nd5 11. Ne4 g6 12. Bd2 Nd7 13. Rc1 a5 14. Kh1 Qb6 15.
Qc2 Nb4 16. Bxb4 Qxb4 17. g4 a4 18. a3 Qa5 19. Ng3 Nb6 20. Nd2 Nd5 21. Nc4 Qd8
22. Ne4 O-O 23. g5 b5 24. Ncd6 Ne3 25. Qf2 Nxf1 26. Rxf1 Kg7 27. Qh4 Rh8 28.
Qh6+ Kg8 29. Nf6+ Bxf6 30. gxf6 Qf8 31. Qh4 h5 32. Rg1 Rh6 33. Qg5 Kh7 34. Be2
Bd7 35. h4 Rb8 36. Qg3 b4 37. Bc4 bxa3 38. bxa3 Kh8 39. Qg5 Rh7 40. Qg3 Qg8 41.
Qd3 Qf8 42. Qc2 Be8 43. Kh2 Bd7 44. Qxa4 Rb2+ 45. Rg2 Rxg2+ 46. Kxg2 Qb8 47.
Kf3 Kg8 48. Qc2 Rh8 49. Bd3 Be8 50. Ba6 Kh7 51. Bb7 Qa7 52. Qc3 Rf8 53. Qb4 Kg8
54. Nc8 Qb8 1-0

[Event "Plzen, JF D"]
[Site "?"]
[Date "1999.??.??"]
[Round "9.3"]
[White "Liska, J."]
[Black "Cap, J."]
[Result "1-0"]
[WhiteElo "1935"]
[BlackElo "1830"]
[PlyCount "77"]
[EventDate "1999.??.??"]
[Source "ChessBase"]
[SourceDate "1996.11.15"]

1. c4 c6 2. Nc3 d5 3. cxd5 cxd5 4. Nf3 Nf6 5. d4 Nc6 6. a3 Bf5 7. e3 e6 8. Bb5
Bd6 9. O-O O-O 10. Bd3 Bxd3 11. Qxd3 Rc8 12. b4 Re8 13. Bb2 h6 14. Rfe1 Qd7 15.
e4 dxe4 16. Nxe4 Nxe4 17. Rxe4 Red8 18. Qe2 Ne7 19. Rg4 Nd5 20. Bc1 Kh8 21. Rh4
Be7 22. Ne5 Qe8 23. Rh3 Rxc1+ 24. Rxc1 Nf4 25. Qe4 Nxh3+ 26. gxh3 Rd5 27. Rc7
f5 28. Rxe7 Qc8 29. Ng6+ Kh7 30. Qe3 f4 31. Nxf4 Rg5+ 32. Kf1 Qc4+ 33. Qd3+
Qxd3+ 34. Nxd3 Rd5 35. Rxb7 Rxd4 36. Ke2 a5 37. Ke3 Rh4 38. Nf4 axb4 39. axb4
1-0

[Event "Plzen, JF D"]
[Site "?"]
[Date "1999.??.??"]
[Round "9.4"]
[White "Mencl, S."]
[Black "Zvolanek, J."]
[Result "1/2-1/2"]
[WhiteElo "1634"]
[BlackElo "1666"]
[PlyCount "121"]
[EventDate "1999.??.??"]
[Source "ChessBase"]
[SourceDate "1996.11.15"]

1. e4 d5 2. exd5 Qxd5 3. d4 Nc6 4. Nf3 Bg4 5. Be2 O-O-O 6. c4 Qh5 7. Nc3 Nf6 8.
Be3 e5 9. d5 e4 10. Nd4 Nxd4 11. Qxd4 b6 12. Bxg4+ Qxg4 13. O-O c5 14. Qd1 Qxd1
15. Raxd1 Bd6 16. Nb5 Bb8 17. Bg5 Rd7 18. Rfe1 Re8 19. Bxf6 gxf6 20. Nc3 f5 21.
b3 Be5 22. Rc1 Rg8 23. Rc2 f6 24. g3 h5 25. Kg2 h4 26. Rh1 e3 27. fxe3 hxg3 28.
h3 Rh7 29. Ne2 Rh4 30. Nc1 Re4 31. Re2 f4 32. exf4 Rxf4 33. Nd3 Rf5 34. Nxe5
fxe5 35. Re3 Rf2+ 36. Kg1 Rxa2 37. Re1 Rf8 38. h4 Rff2 39. Rh3 Rg2+ 40. Kh1
Rh2+ 41. Rxh2 Rxh2+ 42. Kg1 Rxh4 43. Rxe5 Rg4 44. Kg2 Rd4 45. Re3 b5 46. cxb5
Rxd5 47. Kxg3 Kc7 48. Kf2 Kb6 49. Re8 Rd3 50. Ke2 Rxb3 51. Kd2 Kxb5 52. Kc2 Ra3
53. Kb2 Ra6 54. Kb3 c4+ 55. Kc3 Ra3+ 56. Kb2 Rb3+ 57. Kc2 Ka4 58. Rc8 Rb4 59.
Kc3 Rb1 60. Rxc4+ Ka3 61. Kc2 1/2-1/2

[Event "Plzen, JF D"]
[Site "?"]
[Date "1999.??.??"]
[Round "9.5"]
[White "Smekal, Z."]
[Black "Drahorad, D."]
[Result "1/2-1/2"]
[WhiteElo "1894"]
[BlackElo "1720"]
[PlyCount "69"]
[EventDate "1999.??.??"]
[Source "ChessBase"]
[SourceDate "1996.11.15"]

1. Nf3 d5 2. c4 e6 3. d4 Nf6 4. Nc3 c6 5. e3 Bd6 6. Bd3 Nbd7 7. e4 dxe4 8. Nxe4
Nxe4 9. Bxe4 Nf6 10. Bd3 Qa5+ 11. Bd2 Qh5 12. Ng5 Qxd1+ 13. Rxd1 e5 14. Bc3 h6
15. dxe5 Bxe5 16. Bxe5 hxg5 17. Bxf6 gxf6 18. O-O Be6 19. b3 O-O-O 20. Bc2 f5
21. Rxd8+ Rxd8 22. Rd1 f4 23. Rxd8+ Kxd8 24. Kf1 c5 25. Ke2 Kd7 26. g3 fxg3 27.
hxg3 f5 28. Ke3 Kc6 29. f4 g4 30. Kd3 a5 31. Kc3 b6 32. a3 Kc7 33. b4 Bd7 34.
Bd1 Kd6 35. Be2 1/2-1/2

[Event "Plzen, JF D"]
[Site "?"]
[Date "1999.??.??"]
[Round "9.6"]
[White "Jirusek, Z."]
[Black "Studnicka, J."]
[Result "0-1"]
[WhiteElo "1821"]
[BlackElo "1250"]
[PlyCount "80"]
[EventDate "1999.??.??"]
[Source "ChessBase"]
[SourceDate "1996.11.15"]

1. e4 d6 2. d4 Nf6 3. Nc3 g6 4. Nf3 Bg7 5. Be2 Nbd7 6. O-O O-O 7. h3 e5 8. dxe5
Nxe5 9. Nxe5 dxe5 10. Bg5 c6 11. Bc4 Qe7 12. Qf3 Be6 13. Bxe6 Qxe6 14. Rad1
Rfd8 15. Rd3 Rd4 16. Rfd1 h6 17. Be3 Rd7 18. R1d2 b6 19. Qd1 Rad8 20. f3 Kh7
21. Kf2 Bf8 22. Rxd7 Rxd7 23. Rxd7 Qxd7 24. Qd3 Qxd3 25. cxd3 Nd7 26. Ne2 Nc5
27. Bxc5 Bxc5+ 28. Kg3 g5 29. h4 Kg6 30. hxg5 hxg5 31. Kg4 Bf2 32. b3 Be1 33.
g3 Bd2 34. d4 Kf6 35. d5 cxd5 36. exd5 b5 37. a4 bxa4 38. bxa4 a6 39. Ng1 Kg6
40. Nh3 f5# 0-1

[Event "Plzen, JF D"]
[Site "?"]
[Date "1999.??.??"]
[Round "9.7"]
[White "Orlicek, K."]
[Black "Simana, J."]
[Result "1/2-1/2"]
[WhiteElo "1674"]
[BlackElo "1684"]
[PlyCount "84"]
[EventDate "1999.??.??"]
[Source "ChessBase"]
[SourceDate "1996.11.15"]

1. d4 Nf6 2. Bg5 e6 3. e4 Be7 4. Nd2 h6 5. Bh4 b6 6. Bd3 Bb7 7. f3 d6 8. Ne2
Nbd7 9. c3 c5 10. O-O O-O 11. Bf2 Rc8 12. Rc1 Nb8 13. Ng3 Nc6 14. dxc5 dxc5 15.
Nb3 Rc7 16. Rc2 Rd7 17. Rd2 Qc8 18. Qe2 Rfd8 19. Rfd1 Ne5 20. Bb5 Rxd2 21. Rxd2
Rxd2 22. Nxd2 a6 23. Bd3 b5 24. c4 Qd7 25. Bc2 Bc6 26. b3 Qb7 27. f4 Ng6 28. f5
Nf8 29. e5 Ne8 30. f6 Bd8 31. Qg4 Qc7 32. Qf4 g5 33. Qe3 Ng6 34. Bxg6 fxg6 35.
Qxc5 Qb7 36. Ne2 Bxg2 37. Qe3 Bc6 38. Qd3 Bh1 39. Qg3 Bc6 40. Nd4 Qd7 41. N2f3
Bc7 42. Qh3 Bxf3 1/2-1/2

[Event "Plzen, JF D"]
[Site "?"]
[Date "1999.??.??"]
[Round "9.8"]
[White "Rerabek, J."]
[Black "Beran, J."]
[Result "1-0"]
[WhiteElo "1579"]
[BlackElo "1550"]
[PlyCount "67"]
[EventDate "1999.??.??"]
[Source "ChessBase"]
[SourceDate "1996.11.15"]

1. e4 e5 2. Nf3 Nc6 3. Bc4 Nf6 4. d4 exd4 5. e5 d5 6. Bb5 Ne4 7. Nxd4 Bd7 8.
Bxc6 bxc6 9. O-O c5 10. Ne2 Be6 11. f3 Ng5 12. h4 Nh3+ 13. gxh3 Qxh4 14. Qe1
Qxe1 15. Rxe1 Bxh3 16. Nf4 Be6 17. Nc3 c6 18. Nxe6 fxe6 19. Bg5 h6 20. Bh4 g5
21. Bf2 Rb8 22. Rab1 Rb4 23. a3 Rf4 24. Kg2 Be7 25. Ne2 Rf7 26. Rh1 h5 27. Be3
Rhf8 28. Rbf1 h4 29. Bd2 g4 30. fxg4 Rxf1 31. Rxf1 h3+ 32. Kxh3 Rxf1 33. Kg2
Rc1 34. Bxc1 1-0

[Event "Plzen, JF D"]
[Site "?"]
[Date "1999.??.??"]
[Round "9.9"]
[White "Lener, J."]
[Black "Satanek, M."]
[Result "1-0"]
[WhiteElo "1783"]
[BlackElo "1475"]
[PlyCount "47"]
[EventDate "1999.??.??"]
[Source "ChessBase"]
[SourceDate "1996.11.15"]

1. Nf3 b6 2. g3 Bb7 3. Bg2 e5 4. d3 d6 5. O-O Nf6 6. e4 Be7 7. c4 Nc6 8. Nc3
Qd7 9. a3 a5 10. Nh4 Nd4 11. Ne2 Nxe2+ 12. Qxe2 b5 13. Nf5 Bf8 14. Bg5 bxc4 15.
dxc4 h6 16. Bxf6 gxf6 17. b4 c6 18. Rfd1 Qc7 19. Qd2 axb4 20. axb4 Rxa1 21.
Rxa1 Bc8 22. Ra8 h5 23. Bh3 Kd8 24. Ne3 1-0